| 000 | 01792nam0a2200397 4500 | ||
|---|---|---|---|
| 001 | RU\NLR\bibl\881896 | ||
| 005 | 20250614165144.0 | ||
| 010 |
_a5-8459-0821-3 _93000 |
||
| 021 |
_aRU _b2005-51952 _92533 |
||
| 035 | _a(nilc)RSL-KNO-002693844 | ||
| 035 | _a(NLR Aleph) 000870457 | ||
| 090 |
_a1596220 _c1596220 |
||
| 100 | _a20050811d2005 |||y0rusy50 ca | ||
| 101 | 1 |
_arus _ceng |
|
| 102 | _aRU | ||
| 105 | _ay ||||||||| | ||
| 200 | 1 |
_aПривычки на миллионы долларов _eпровер. эффектив. методики по удвоению и утроению ваших доходов _fБрайан Трейси _g[пер. с англ. и ред. Я.А. Лебеденко] |
|
| 210 |
_aМ. [и др.] _cВильямс _d2005 |
||
| 215 |
_a348 с. _d21 |
||
| 300 | _aЗагл. и авт. ориг.: Million dollar habits / Brian Tracy | ||
| 320 | _aПредм. указ.: с. 344-348 | ||
| 320 | _aДр. работы авт. на 4-й с. обл. | ||
| 454 | 0 |
_12001#$aMillion dollar habits _1700#1$aTracy$bB.$gBrian$4070 _tMillion dollar habits _aTracy, Brian |
|
| 606 | 1 |
_aПредпринимательство _91161265 _3RU\NLR\auth\66147005 |
|
| 610 | 0 | _aПсихология -- Социальная психология -- Экономическая психология | |
| 610 | 0 | _aЭкономика -- Капиталистические страны -- Предпринимательство -- Популярное издание | |
| 686 |
_aЮ959.9,0 _2rubbk |
||
| 686 |
_aУ829я9 _2rubbk |
||
| 686 | _aУ5-13 | ||
| 700 | 1 |
_aТрейси _bБ. _gБрайан _4070 |
|
| 801 | 0 |
_aRU _bRuMoRKP _c20050811 _grcr |
|
| 801 | 1 |
_aRU _bRuMoRGB _c20050811 |
|
| 801 | 2 |
_aRU _bNLR _c20051201 _grcr |
|
| 942 | _cBOOK | ||
| 980 | _aNB | ||